000 00455cam a2200181ua 4500
020 _c12.00
041 _aeng
_h
082 _a823.308
_bDIC/LI
100 _aDickens, Charles.
245 _aLife and adventures of Martin Chuzzlewit /
_cCharles Dickens.
_hTextual Documents
250 _a1 /
_b.
260 _aLondon :
_bMcMillon & Co Ltd ,
_c1954.
300 _a796 ; .
365 _a12.00
504 _a
942 _cBK
999 _c7639
_d7639